000 00417nam a2200157 i 4500
001 29276
003 ES-MaACL
005 20230906154014.0
007 t|
008 030121s1967 sp ||||1| spa d
100 1 _aBallester, Mariano.
_925005
245 1 0 _aCuando vayas a orar /
_cMariano Ballester.
260 _aBilbao :
_bMensajero,
_c1967.
300 _a168 p. ;
_c19 cm.
852 _aES-MaACL
_jC-32897
_bR.63721
999 _c29276
_d29276